| 000 | 00494nam a22001937a 4500 | ||
|---|---|---|---|
| 003 | OSt | ||
| 005 | 20170320141713.0 | ||
| 008 | 170320b xxu||||| |||| 00| 0 eng d | ||
| 020 | _a0412627108 | ||
| 040 | _cDDC. | ||
| 082 | _a621.3DUR 1996 | ||
| 100 |
_aDurrant,A.V; _911849 |
||
| 245 | _aVectors in Physics and Engineering. | ||
| 260 |
_aLondon. _bChapman&Hall. _c1996. |
||
| 300 |
_aviii,288p; _bill: _c25cm. |
||
| 504 | _aincludes index. | ||
| 650 |
_aPhysics. _9809 |
||
| 942 |
_2ddc _cO_SHELF |
||
| 999 |
_c5689 _d5689 |
||